000 00559nam a2200193Ia 4500
003 GCL
008 140319s9999 xx 000 0 ara d
040 _aGCL /
_cGCL
082 0 4 _a111
_bم ف
100 1 _aمحمود رجب
245 1 0 _aفلسفة المرأة /
_cمحمود رجب
300 _a308 ص
490 _aالهيئة العامة للاستعلامات
_v0
650 0 4 _aالوجودية
650 0 4 _aالوجود, علم
650 0 4 _aالفلسفة - نظريات
650 0 4 _aما وراء الطبيعة, علم
942 _2ddc
_cBK
999 _c48834
_d48834